| 000 | 00578nam a22001817a 4500 | ||
|---|---|---|---|
| 008 | 160307b xxu||||| |||| 00| 0 eng d | ||
| 020 | _a978-974-23-6497-6 | ||
| 082 |
_22013 _aDFil 340.09599 _bD26t |
||
| 100 |
_93475 _aDascil, Rogelio T. |
||
| 245 |
_aThreshold to the legal profession: _bAn Introduction to law/ _cRodelio T. Dascil |
||
| 250 | _a2013 Revised Edition | ||
| 260 |
_aManila: _bRex Book Store, _c©2013. |
||
| 300 |
_axix, 286 pages; _c24 cm. |
||
| 500 | _aIncludes appendices. | ||
| 650 | 0 |
_93477 _aLaw _zPhilippines |
|
| 365 |
_b1094.40 _cPhp |
||
| 942 |
_2ddc _cDRES |
||
| 999 |
_c1215 _d1215 |
||